000 00627nam a22002177a 4500
003 UA-OsUOA
001 55147
007 ta
008 20080813b un ||||| |||| 00| 0 ukr d
090 _a(038)=111=161.2
_bН76
942 _cBK
040 _aUA-OsUOA
_bukr
_cUA-OsUOA
_dUA-OsUOA
245 _aНовий англо-український українсько-англійський словник
_cВ. Ф. Малишев
300 _a512 с.
955 _a1
041 _aukr
080 _a(038)=111=161.2
260 _aК.
_bА. С. К.
_c2000
650 7 _a0 Загальний відділ.
_2UDC
999 _c341232
_d341232